Handbook of Critical Care (Record no. 158721)

MARC details
000 -LEADER
fixed length control field 00403nam a2200145Ia 4500
008 - FIXED-LENGTH DATA ELEMENTS--GENERAL INFORMATION
fixed length control field 230411s9999 xx 000 0 und d
020 ## - INTERNATIONAL STANDARD BOOK NUMBER
International Standard Book Number 978-81-8191-539-9
041 ## - LANGUAGE CODE
Language code of text/sound track or separate title eng
082 ## - DEWEY DECIMAL CLASSIFICATION NUMBER
Classification number MS/646.028/MAL/NAT/B10011
100 ## - MAIN ENTRY--PERSONAL NAME
Personal name Malviya D and Nath S
9 (RLIN) 180194
245 ## - TITLE STATEMENT
Title Handbook of Critical Care
260 ## - PUBLICATION, DISTRIBUTION, ETC. (IMPRINT)
Name of publisher, distributor, etc. Paras Medical Publisher
Place of publication, distribution, etc. Hyderabad
Date of publication, distribution, etc. 2022
300 ## - PHYSICAL DESCRIPTION
Extent 446p
Holdings
Withdrawn status Lost status Source of classification or shelving scheme Damaged status Not for loan Home library Current library Date acquired Vendor Cost, normal purchase price Bill number Total Checkouts Total Renewals Full call number Barcode Date last seen Date last checked out Cost, replacement price Bill Date Koha item type Original Barcode Collection code
    Dewey Decimal Classification     Smt. Bakul Tambat Institute of Nursing Education Smt. Bakul Tambat Institute of Nursing Education 08/03/2023 S.K.Kothari,Pune. 895.00 252 1 1 MS 646.028 MAL NAT B10011 BTIN-BK-10011 21/02/2026 11/02/2026 581.75 08/03/2023 Books B10011  
          Smt. Bakul Tambat Institute of Nursing Education Smt. Bakul Tambat Institute of Nursing Education 08/03/2023 S.K.Kothari,Pune. 895.00 252 3   MS 646.028 MAL NAT B10012 BTIN-BK-10012 04/06/2025 30/05/2025 581.75 08/03/2023 Books B10012 MS
          Smt. Bakul Tambat Institute of Nursing Education Smt. Bakul Tambat Institute of Nursing Education 08/03/2023 S.K.Kothari,Pune. 895.00 252 1   MS 646.028 MAL NAT B10013 BTIN-BK-10013 28/02/2024 09/02/2024 581.75 08/03/2023 Books B10013 MS
          Smt. Bakul Tambat Institute of Nursing Education Smt. Bakul Tambat Institute of Nursing Education 08/03/2023 S.K.Kothari,Pune. 895.00 252 4   MS 646.028 MAL NAT B10014 BTIN-BK-10014 27/08/2024 23/08/2024 581.75 08/03/2023 Books B10014 MS
          Smt. Bakul Tambat Institute of Nursing Education Smt. Bakul Tambat Institute of Nursing Education 08/03/2023 S.K.Kothari,Pune. 895.00 252 3   MS 646.028 MAL NAT B10015 BTIN-BK-10015 30/08/2024 23/08/2024 581.75 08/03/2023 Books B10015 MS